000 00782cam a2200253 4500
001 sa 68012738
003 DLC
005 20260227112614.0
008 691110s1966 pk 000 0 eng
010 _asa 68012738 //r982
025 _aPL480:P-E-1112
040 _aDLC
_cDLC
_dDLC
050 0 0 _aPZ1
_b.O26
_aPR9799
082 0 0 _a823
245 0 0 _aOf love and hope;
_bfourteen stories from Africa and Asia.
_cEditors: Afro-Asian Book Club, Pakistan.
250 _a[1st ed.
260 0 _aLahore,
_c1966]
300 _a190 p.
_c19 cm.
651 0 _aAfrica
_xSocial life and customs
_xFiction.
651 0 _aAsia
_xSocial life and customs
_xFiction.
650 0 _aShort stories, African (English)
650 0 _aShort stories, Oriental (English)
710 2 0 _aAfro-Asian Book Club.
999 _c84712
_d84712